Loading...
Genomics protocols
| Main Author: | |
|---|---|
| Other Authors: | |
| Format: | Printed Book |
| Language: | Undetermined |
| Published: |
Totowa :
Humana Press,
2001
|
| Subjects: |
| LEADER | 00511nam a2200157Ia 4500 | ||
|---|---|---|---|
| 008 | 200122s9999||||xx |||||||||||||| ||und|| | ||
| 080 | |a R575.1 |b STA-G | ||
| 100 | |a Starkey, Michael P, Ed. | ||
| 245 | 0 | |a Genomics protocols | |
| 260 | |a Totowa : |b Humana Press, |c 2001 | ||
| 300 | |a 538 p. | ||
| 650 | |a Genetics-- Biology | ||
| 700 | |a Elaswarapu, Ramnath, ed. | ||
| 942 | |c REF | ||
| 999 | |c 260916 |d 260916 | ||
| 952 | |0 0 |1 0 |4 0 |6 R_575_100000000000000_STAG |7 0 |9 277127 |a BCH |b BCH |l 0 |o R575.1 STA-G |p BCH2023 |r 2020-01-24 |w 2020-01-24 |y REF | ||